<?xml version="1.0" encoding="UTF-8"?>
<marc:record xmlns:marc="http://www.loc.gov/MARC21/slim">
   <marc:leader>00000nam a2200000 a 4500</marc:leader>
   <marc:datafield ind1="1" ind2=" " tag="100">
      <marc:subfield code="a">Renger, Nikolai</marc:subfield>
      <marc:subfield code="4">aut</marc:subfield>
      <marc:subfield code="e">Verfasser/-in</marc:subfield>
   </marc:datafield>
   <marc:datafield ind1="0" ind2="0" tag="245">
      <marc:subfield code="a">Wer hat die Kokosnuss geklaut?</marc:subfield>
   </marc:datafield>
   <marc:datafield ind1="0" ind2="0" tag="245">
      <marc:subfield code="b">ein Quatschliederbuch</marc:subfield>
   </marc:datafield>
   <marc:datafield ind1="0" ind2="0" tag="245">
      <marc:subfield code="c">Nikolai Renger</marc:subfield>
   </marc:datafield>
   <marc:datafield ind1=" " ind2="1" tag="264">
      <marc:subfield code="a">Köln</marc:subfield>
      <marc:subfield code="b">Baumhaus</marc:subfield>
      <marc:subfield code="c">2022</marc:subfield>
   </marc:datafield>
   <marc:datafield ind1="1" ind2=" " tag="520">
      <marc:subfield code="a">Angaben aus der Verlagsmeldung

Wer hat die Kokosnuss geklaut? : Ein Quatschliederbuch / von Nikolai Renger

Wer kennt es nicht - das Quatschlied von den Affen, die durch den Wald toben und verzweifelt die Kokosnuss suchen. Ein Klassiker, der in jeder Familie gesungen, geträllert oder laut mitgebrüllt wird. Nikolai Renger hat diesen zeitlosen Song mit einer Extraportion Witz und verrückten Details zum Entdecken und Staunen in Szene gesetzt. Als stabile Pappe mit Notensatz und Gitarrenbegleitung auf der letzten Seite wird es bestimmt zum Lieblingsbuch für die ganze Familie. Und wer die Melodie vergessen hat, der scannt den QR-Code und hört sich das frisch eingespielte Lied inklusive neuer Strophen einfach noch mal an. Achtung: Ohrwurm garantiert!

</marc:subfield>
   </marc:datafield>
   <marc:datafield ind1=" " ind2=" " tag="020">
      <marc:subfield code="a">9783833907456</marc:subfield>
      <marc:subfield code="9">9783833907456</marc:subfield>
   </marc:datafield>
   <marc:datafield ind1=" " ind2=" " tag="020">
      <marc:subfield code="a">3833907452</marc:subfield>
      <marc:subfield code="9">3833907452</marc:subfield>
   </marc:datafield>
   <marc:datafield ind1=" " ind2=" " tag="041">
      <marc:subfield code="a">ger</marc:subfield>
   </marc:datafield>
   <marc:datafield ind1=" " ind2=" " tag="300">
      <marc:subfield code="a">26 Seiten</marc:subfield>
   </marc:datafield>
</marc:record>
